| 000 | 01033pam a2200325 i 4500 | ||
|---|---|---|---|
| 999 |
_c28015 _d27986 |
||
| 001 | 018805672 | ||
| 003 | EG-ScBUE | ||
| 005 | 20200210095550.0 | ||
| 008 | 180313t2018 enka f d 001 0 eng d | ||
| 020 | _a9781473759008 | ||
| 040 |
_aStDuBDS _beng _erda _cStDuBDS _dUk _dEG-ScBUE |
||
| 082 | 0 | 4 |
_a338.5 _bNEC _222 |
| 100 | 1 |
_aNechyba, Thomas J., _d1968- _eauthor. |
|
| 245 | 1 | 0 |
_aIntermediate microeconomics : _ban intuitive approach with calculus / _cThomas J. Nechyba. |
| 250 | _aEMEA edition. | ||
| 264 | 1 |
_aHampshire, United Kingdom : _bCengage Learning EMEA, _c[2018] |
|
| 264 | 4 | _cc2018 | |
| 300 |
_axiii, 994 pages : _billustrations ; _c26 cm |
||
| 336 |
_atext _2rdacontent _btxt |
||
| 337 |
_aunmediated _2rdamedia _bn |
||
| 338 |
_avolume _2rdacarrier _bnc |
||
| 500 | _aIncludes index. | ||
| 500 | _aIncludes glossary. | ||
| 650 | 7 | _aMicroeconomics. | |
| 653 |
_bBUSECO _cFebruary2020 |
||
| 655 | _vReading book | ||
| 942 |
_2ddc _cBB |
||